| 000 | 00617nam a2200181 a 4500 | ||
|---|---|---|---|
| 001 | 000006814 | ||
| 005 | 20200929154011.0 | ||
| 008 | 090903s1993 dr a 001 0 spa d | ||
| 040 |
_aDO-SdBNP _bspa _cBNPHU |
||
| 082 |
_axxx _bN964m |
||
| 100 | 1 |
_aNuñez Cedeño, Rafael A. _d1977- _918951 |
|
| 245 | 1 | 0 |
_aMorfología de la sufijación española / _cRafael A. Nuñez Cedeño. |
| 260 |
_aSanto Domingo : _bUNPHU, _c1993. |
||
| 300 |
_a220 P. : _bil. ; _c22 cm. |
||
| 500 | _aIncluye índice | ||
| 500 | _aIncluye datos biográficos del autor en la contracubierta | ||
| 586 | _aPremio Pedro Henríquez Ureña de Ensayo 1992 | ||
| 999 |
_c6602 _d6602 |
||